Search the Library Catalogue
| 000 -LEADER | |
|---|---|
| fixed length control field | 00740nam a2200229Ia 4500 |
| 008 - FIXED-LENGTH DATA ELEMENTS--GENERAL INFORMATION | |
| fixed length control field | 191130s1999##################000#0#eng## |
| 020 ## - INTERNATIONAL STANDARD BOOK NUMBER | |
| ISBN | 851993249 |
| 082 ## - DEWEY DECIMAL CLASSIFICATION NUMBER | |
| Classification number | 579.28 SMI |
| 245 ## - TITLE STATEMENT | |
| Title | The Luteoviridae |
| Statement of responsibility, etc | edited by H.G. Smith and H. Barker |
| 260 ## - PUBLICATION, DISTRIBUTION, ETC. (IMPRINT) | |
| Place of publication | Wallingford, UK ; Cambridge, MA |
| Name of publisher | CABI Publishing |
| Year of publication | 1999 |
| 300 ## - PHYSICAL DESCRIPTION | |
| Number of Pages | xviii, 297 p. : ill. ; 25 cm |
| 500 ## - GENERAL NOTE | |
| General note | Papers from a meeting held at the Royal Agricultural College, Cirencester, UK, 24-26 April 1997 |
| 650 ## - SUBJECT ADDED ENTRY--TOPICAL TERM | |
| Topical Term | Luteoviridae - Congresses |
| Topical Term | Plant viruses - Congresses |
| 700 ## - ADDED ENTRY--PERSONAL NAME | |
| Personal name | Barker, H |
| Personal name | Smith, H. G |
| 991 ## - | |
| -- | 233213 |
| Withdrawn status | Lost status | Damaged status | Not for loan | Home library | Current library | Shelving location | Date acquired | Full call number | Accession Number | Price effective from | Koha item type |
|---|---|---|---|---|---|---|---|---|---|---|---|
| Anna Centenary Library | Anna Centenary Library | 5TH FLOOR, A WING | 09.10.2020 | 579.28 SMI | 480674 | 09.10.2020 | English Books |